书目信息 |
| 题名: |
固体物理及物理量测量
|
|
| 作者: | 林鸿生 编著 | |
| 分册: | ||
| 出版信息: | 北京 科学出版社 2007 |
|
| 页数: | 331页 | |
| 开本: | 20cm | |
| 丛书名: | ||
| 单 册: | ||
| 中图分类: | O48-44 | |
| 科图分类: | ||
| 主题词: | 固体物理学 | |
| 电子资源: | ||
| ISBN: | 978-7-03-015678-5 | |
| 000 | 00573nam0 2200193 450 | |
| 001 | 0735592734 | |
| 005 | 20070906095312.73 | |
| 010 | @a978-7-03-015678-5@d¥34.00 | |
| 100 | @a20070906d km y0chiy0120 ea | |
| 101 | 0 | @achi |
| 200 | 1 | @a固体物理及物理量测量@Agu ti wu li ji wu li liang ce liang@f林鸿生等编著@Flin hong sheng deng bian zhu |
| 205 | @a2版 | |
| 210 | @a北京@c科学出版社@d2007 | |
| 215 | @a331页@d20cm | |
| 606 | 0 | @a固体物理学 |
| 690 | @aO48-44@v3 | |
| 701 | 0 | @a林鸿生@Alin hong sheng@4编著 |
| 801 | 0 | @aCN@bPFT@c20070906 |
| 905 | @a213230@dO48-44@ep10=2@f1 | |
| 固体物理及物理量测量/林鸿生等编著.-2版.-北京:科学出版社,2007 |
| 331页;20cm |
| ISBN 978-7-03-015678-5:¥34.00 |
| ● |
| 相关链接 |
|
|
|
|
正题名:固体物理及物理量测量
索取号:O48-44/p10=2
 
预约/预借
| 序号 | 登录号 | 条形码 | 馆藏地/架位号 | 状态 | 备注 |
| 1 | 7202306 | 272023053 | 密集书库-物理学院/ [索取号:O48-44/p10=2] | 在馆 | |
| 2 | 7202307 | 272023062 | 物理系资料室/ [索取号:O48-44/p10=2] | 在馆 | |
| 3 | 7202308 | 272023071 | 密集书库-物理学院/ [索取号:O48-44/p10=2] | 在馆 | |
| 4 | 7202309 | 272023080 | 密集书库-物理学院/ [索取号:O48-44/p10=2] | 在馆 | |
| 5 | 7202310 | 272023099 | 物理系资料室/ [索取号:O48-44/p10=2] | 在馆 |